The Making of New England (Record no. 236)
[ view plain ]
| 000 -LEADER | |
|---|---|
| fixed length control field | 01232nam a2200313Ia 4500 |
| 100 1# - MAIN ENTRY--AUTHOR NAME | |
| Personal name | Drake, Samuel Adams, |
| 245 14 - TITLE STATEMENT | |
| Title | The Making of New England |
| 260 ## - PUBLICATION, DISTRIBUTION, ETC. (IMPRINT) | |
| Place of publication | Scituate, Mass. : |
| Name of publisher | Digital Scanning, |
| Year of publication | 2001. |
| 300 ## - PHYSICAL DESCRIPTION | |
| Number of Pages | x, 251 p. : |
| Other physical details | ill. |
| 500 ## - GENERAL NOTE | |
| General note | "As Published in 1896." |
| General note | Originally published : The Making of New England, 1580-1643. New York : Charles Scribner's Sons, 1896. |
| 856 40 - ELECTRONIC LOCATION AND ACCESS | |
| Uniform Resource Identifier | http://site.ebrary.com/lib/rucke/Doc?id=5003681 |
No items available.
